Global Marketing Management (Record no. 20001)

MARC details
000 -LEADER
fixed length control field 00366nam a22001457a 4500
008 - FIXED-LENGTH DATA ELEMENTS--GENERAL INFORMATION
fixed length control field 230504b |||||||| |||| 00| 0 eng d
020 ## - INTERNATIONAL STANDARD BOOK NUMBER
ISBN 978-81-317-3091-1
100 ## - MAIN ENTRY--AUTHOR NAME
Personal name W. J. Keegan & N. K. Bhargava
245 ## - TITLE STATEMENT
Title Global Marketing Management
250 ## - EDITION STATEMENT
Edition statement 15th Ed.
260 ## - PUBLICATION, DISTRIBUTION, ETC. (IMPRINT)
Place of publication Delhi
Name of publisher Pearson Pub
Year of publication 2013
300 ## - PHYSICAL DESCRIPTION
Number of Pages 670
546 ## - LANGUAGE NOTE
Language note English
942 ## - ADDED ENTRY ELEMENTS (KOHA)
Source of classification or shelving scheme Dewey Decimal Classification
Koha item type Books
Holdings
Accession Number Cost, normal purchase price Source of acquisition Price effective from Koha item type Withdrawn / writtenoff status Damaged status Not for loan Permanent Location Current Location Shelving location Date acquired Lost/ Missing status department
LLB 496 150.00 Donated By Mr. Karan Pandoh Assistant Prof. MIET SOL 05/04/2023 Books       MIET Library, Jammu MIET Library, Jammu 183/1 04/24/2023   BBA LLB